000 00392nam a2200145Ia 4500
008 231217s9999 xx 000 0 und d
041 _aEnglish
082 _a621.3813 REI
100 _aReich, Herbert J. et al
245 0 _aMicrowave principles
260 _c1987
_bNew Delhi : Affiliated East- West Press Pvt Ltd.
300 _aix+423
650 _aMicrowave principles
942 _cAA
999 _c169835
_d169835